| 000 | 00322nam a22001337a 4500 | ||
|---|---|---|---|
| 020 | _qPB. | ||
| 040 | _cFIZZA ISHAQ | ||
| 082 |
_a388.068 _bEDM |
||
| 100 |
_aGUBBINS,J.EDMUND. _991676 |
||
| 245 |
_aMANAGING TRANSPORT OPERATIONS / _cEDMUND J.GUBBINS. |
||
| 260 |
_aKOGAN ; _c1996. |
||
| 300 | _a279 P. ; | ||
| 942 |
_2ddc _cBK |
||
| 999 |
_c589824 _d589824 |
||